00321 a2200121 450000100060000008200160000610000200002224500710004225000060011326000310011930000270015060000220017738675 a620.118 AGA aBhagwan Agarwal aAnalysis and Performance of Fiber composites, 2/ecBhagwan Agarwal a2 aNew YorkbJohn Wileyc1990 axviii 448 pbPhotocopy aLawrence Broutman